[Event "Maastricht Limburg op-B 9th"]
[Site "Maastricht"]
[Date "2015.05.24"]
[Round "5"]
[White "Bondarchuk, Vadim"]
[Black "Mitran, Anthony Cristian"]
[Result "1-0"]
[WhiteElo "2034"]
[BlackElo "1870"]
[PlyCount "109"]
[EventDate "2015.05.22"]
[EventType "swiss"]
[EventRounds "7"]
[EventCountry "NED"]
[SourceTitle "EXT 2016"]
[Source "ChessBase"]
[SourceDate "2015.10.08"]
[SourceVersion "1"]
[SourceVersionDate "2015.10.08"]
[SourceQuality "1"]

1. e4 e5 2. Nf3 Nc6 3. Bc4 Nf6 4. Nc3 Bc5 5. d3 0-0 6. Bg5 Be7 7. a3 d6 8. Qd2 Be6 9. Bxf6 Bxf6 10. Bd5 Rb8 11. h4 Ne7 12. Ba2 Bxa2 13. Nxa2 d5 14. Nc3 d4 15. Ne2 c5 16. g4 g6 17. h5 Bg7 18. hxg6 fxg6 19. Ng5 h6 20. Ne6 Qd6 21. Nxf8 Rxf8 22. Ng3 Rf4 23. Qe2 b5 24. f3 Qe6 25. 0-0 h5 26. gxh5 gxh5 27. Qg2 Rf6 28. Kf2 Qg4 29. Ne2 Qxg2+ 30. Kxg2 Ng6 31. c3 Bh6 32. cxd4 cxd4 33. b3 Rc6 34. Ra2 Be3 35. Rh1 h4 36. Kh3 Kf7 37. Kg4 a5 38. a4 b4 39. Rb1 Nf4 40. Nxf4 Bxf4 41. Rbb2 Rc3 42. Rc2 Rxd3 43. Rc5 Rxb3 44. Rxa5 Ra3 45. Rc2 Rc3 46. Rb2 b3 47. Rb5 h3 48. Kxh3 Rxf3+ 49. Kg4 Rg3+ 50. Kh4 d3 51. R5xb3 d2 52. Rb7+ Ke8 53. Rxd2 Re3 54. Rg2 Kf8 55. Rc2 1-0

[Event "Maastricht Limburg op-B 9th"]
[Site "Maastricht"]
[Date "2015.05.24"]
[Round "4"]
[White "Feltman, Bart"]
[Black "Bondarchuk, Vadim"]
[Result "1/2-1/2"]
[WhiteElo "1806"]
[BlackElo "2034"]
[PlyCount "92"]
[EventDate "2015.05.22"]
[EventType "swiss"]
[EventRounds "7"]
[EventCountry "NED"]
[SourceTitle "EXT 2016"]
[Source "ChessBase"]
[SourceDate "2015.10.08"]
[SourceVersion "1"]
[SourceVersionDate "2015.10.08"]
[SourceQuality "1"]

1. b4 e5 2. Bb2 d6 3. e3 Nf6 4. Be2 g6 5. Nf3 Bg7 6. c4 0-0 7. 0-0 b6 8. Nc3 Bb7 9. Qb3 Nbd7 10. Rfd1 c5 11. d3 Qe7 12. a3 Rfd8 13. Nd2 h5 14. Nde4 Ng4 15. h3 Ngf6 16. Bf3 Ne8 17. Nd2 Bxf3 18. Nxf3 Nc7 19. e4 Nf8 20. Nd5 Qd7 21. Bc1 f6 22. Qc2 Nfe6 23. Be3 Rf8 24. Nh4 Kh7 25. Qe2 Bh6 26. Qf3 Qf7 27. Nxc7 Nxc7 28. Bxh6 Kxh6 29. Qe3+ Kh7 30. f4 exf4 31. Qxf4 g5 32. Qf5+ Kg7 33. Nf3 Qe6 34. b5 Qxf5 35. exf5 d5 36. Re1 Rfe8 37. Kf2 h4 38. a4 Kf7 39. a5 Rxe1 40. Kxe1 dxc4 41. dxc4 Ke7 42. Kf2 Rd8 43. axb6 axb6 44. Ra7 Rd7 45. Rb7 Na8 46. Rb8 Rd8 1/2-1/2

[Event "Maastricht Limburg op-B 9th"]
[Site "Maastricht"]
[Date "2015.05.23"]
[Round "3"]
[White "Bondarchuk, Vadim"]
[Black "Van de Griend, Johan"]
[Result "1-0"]
[WhiteElo "2034"]
[BlackElo "1907"]
[PlyCount "87"]
[EventDate "2015.05.22"]
[EventType "swiss"]
[EventRounds "7"]
[EventCountry "NED"]
[SourceTitle "EXT 2016"]
[Source "ChessBase"]
[SourceDate "2015.10.08"]
[SourceVersion "1"]
[SourceVersionDate "2015.10.08"]
[SourceQuality "1"]

1. e4 e5 2. Nf3 Nc6 3. Bb5 Bc5 4. d3 d6 5. Bg5 Nf6 6. Nc3 Bb4 7. Qd2 a6 8. Bxc6+ bxc6 9. a3 Ba5 10. 0-0 h6 11. Bh4 Bg4 12. Ne1 Bb6 13. Na4 Ba7 14. Kh1 g5 15. Bg3 Nh5 16. c3 Qf6 17. Nc2 Bd7 18. b4 Ke7 19. d4 Nf4 20. Nb2 h5 21. Bxf4 gxf4 22. f3 Rhg8 23. Rad1 Rad8 24. Qe2 Bc8 25. dxe5 dxe5 26. c4 h4 27. Rxd8 Rxd8 28. c5 h3 29. g4 fxg3 30. hxg3 Rh8 31. Kh2 Rg8 32. Nc4 Qg5 33. Rg1 Be6 34. N2e3 f6 35. Na5 Bd7 36. Nec4 Ke8 37. Qe3 Qg6 38. Qd3 Qh6 39. Ne3 Ke7 40. Rd1 Kf8 41. Qxd7 Qxe3 42. Qd8+ Kg7 43. Rd7+ Kh6 44. Qxf6+ 1-0

[Event "Maastricht Limburg op-B 8th"]
[Site "Maastricht"]
[Date "2014.06.08"]
[Round "4"]
[White "Vanhuyse, Nele"]
[Black "Bondarchuk, Vadim"]
[Result "1/2-1/2"]
[WhiteElo "1940"]
[BlackElo "2039"]
[PlyCount "97"]
[EventDate "2014.06.06"]
[EventType "swiss"]
[EventRounds "7"]
[EventCountry "NED"]
[SourceTitle "EXT 2015"]
[Source "ChessBase"]
[SourceDate "2014.11.20"]
[SourceVersion "1"]
[SourceVersionDate "2014.11.20"]
[SourceQuality "1"]

1. e4 e5 2. Nf3 Nf6 3. d4 Nxe4 4. Bd3 d5 5. dxe5 Bb4+ 6. c3 Be7 7. Bxe4 dxe4 8. Qa4+ Bd7 9. Qxe4 Bc6 10. Qe2 Qd5 11. c4 Qa5+ 12. Nc3 Nd7 13. 0-0 0-0-0 14. e6 fxe6 15. Nd4 Qb6 16. Nxe6 Rde8 17. Nd5 Bxd5 18. cxd5 Bd6 19. Be3 Qa5 20. Rfd1 Nf6 21. Qc4 Kb8 22. Rd3 Re7 23. Rad1 Rhe8 24. g3 Nd7 25. Bd2 Ne5 26. Bxa5 Nxc4 27. Bc3 g6 28. Kg2 a6 29. Rd4 Nb6 30. Nf4 Rf7 31. h4 Ref8 32. Nh3 Bc5 33. Rf4 Rf5 34. Rxf5 Rxf5 35. Nf4 Bd6 36. Kf3 Bxf4 37. gxf4 Rxd5 38. Rxd5 Nxd5 39. Be5 Ne7 40. Kg4 Kc8 41. h5 Kd7 42. hxg6 Nxg6 43. Bc3 Ke7 44. f5 Nf8 45. Kg5 Kf7 46. a4 Nd7 47. f3 Nb6 48. b3 Nd7 49. a5 1/2-1/2

[Event "Maastricht Limburg op-B 7th"]
[Site "Maastricht"]
[Date "2013.05.18"]
[Round "3"]
[White "Bondarchuk, Vadim"]
[Black "Porteman, Eric"]
[Result "1-0"]
[WhiteElo "1996"]
[BlackElo "1912"]
[PlyCount "77"]
[EventDate "2013.05.17"]
[EventType "swiss"]
[EventRounds "7"]
[EventCountry "NED"]
[SourceTitle "EXT 2014"]
[Source "ChessBase"]
[SourceDate "2013.11.20"]
[SourceVersion "1"]
[SourceVersionDate "2013.11.20"]
[SourceQuality "1"]

1. e4 e6 2. d4 d5 3. Nc3 Bb4 4. exd5 exd5 5. Bd3 Ne7 6. Qf3 Be6 7. a3 Ba5 8. Nge2 c6 9. 0-0 Ng6 10. Na4 Nd7 11. Ng3 0-0 12. Nf5 Bc7 13. Be3 b5 14. Nc3 Nb6 15. b3 Nc8 16. Ne2 Nd6 17. Neg3 Qd7 18. h3 Rfe8 19. Nxg7 Rf8 20. N3h5 f5 21. Nxe6 Qxe6 22. Nf4 Qf6 23. Nxg6 hxg6 24. Qf4 Ne8 25. Qg5 Qf7 26. Bf4 Bd8 27. Qg3 Ng7 28. Be5 Nh5 29. Qh2 f4 30. g4 Ng7 31. Bd6 Be7 32. Be5 Ne6 33. Rfe1 Bh4 34. b4 Ng5 35. Qh1 a5 36. c3 Ra7 37. Bd6 Re8 38. Kg2 Ne4 39. Bxe4 1-0

[Event "Maastricht Limburg op-B 7th"]
[Site "Maastricht"]
[Date "2013.05.18"]
[Round "2"]
[White "Geboers, Jimmy"]
[Black "Bondarchuk, Vadim"]
[Result "0-1"]
[WhiteElo "1923"]
[BlackElo "1996"]
[PlyCount "114"]
[EventDate "2013.05.17"]
[EventType "swiss"]
[EventRounds "7"]
[EventCountry "NED"]
[SourceTitle "EXT 2014"]
[Source "ChessBase"]
[SourceDate "2013.11.20"]
[SourceVersion "1"]
[SourceVersionDate "2013.11.20"]
[SourceQuality "1"]

1. d4 d5 2. c4 e6 3. Nc3 c5 4. e3 Nf6 5. Nf3 Nc6 6. a3 cxd4 7. exd4 Be7 8. Bf4 a6 9. b4 dxc4 10. Bxc4 b5 11. Bb3 Bb7 12. d5 exd5 13. Nxd5 Nxd5 14. Bxd5 0-0 15. 0-0 Na5 16. Bxb7 Nxb7 17. Qb3 Bd6 18. Rfd1 Qf6 19. Bg5 Qe6 20. Qxe6 fxe6 21. Nd4 Rae8 22. Rac1 e5 23. Nb3 Rc8 24. Be3 h6 25. Nc5 Bxc5 26. bxc5 Na5 27. Rd6 Rc6 28. a4 Rfc8 29. Rxc6 Nxc6 30. axb5 axb5 31. Rb1 Rb8 32. Kf1 Kf7 33. Ke2 Ke6 34. Rd1 Rd8 35. Rxd8 Nxd8 36. Kd3 Kd5 37. Kc3 Nc6 38. f3 Nd4 39. f4 Nc6 40. fxe5 Kxe5 41. Kb3 Ke4 42. Bc1 Kd3 43. g4 Ke4 44. h4 Kf3 45. g5 h5 46. g6 Kg4 47. Bg5 Kf5 48. Kc3 Kxg6 49. Kb3 Kf5 50. Kc3 Ke4 51. Bc1 g6 52. Bg5 Kd5 53. Be3 Ne5 54. Kb4 Kc6 55. Bd4 Nd3+ 56. Kc3 Nxc5 57. Kd2 Nb3+ 0-1

[Event "Solingen Karneval op"]
[Site "Solingen"]
[Date "2013.02.08"]
[Round "1"]
[White "Vollenbroeker, Florian"]
[Black "Bondarchuk, Vadim"]
[Result "0-1"]
[WhiteElo "1536"]
[BlackElo "2004"]
[PlyCount "66"]
[EventDate "2013.02.08"]
[EventType "swiss"]
[EventRounds "5"]
[EventCountry "GER"]
[SourceTitle "EXT 2015"]
[Source "ChessBase"]
[SourceDate "2014.11.20"]
[SourceVersion "1"]
[SourceVersionDate "2014.11.20"]
[SourceQuality "1"]

1. e4 e5 2. d4 exd4 3. Qxd4 Nc6 4. Qe3 d6 5. Bc4 Nf6 6. Nc3 g6 7. Bd2 Bg7 8. Nf3 0-0 9. 0-0 Re8 10. Ng5 Ne5 11. Bb3 h6 12. Nf3 Nc6 13. Rfe1 Na5 14. Nd5 Nxd5 15. Bxd5 c6 16. Qa3 cxd5 17. Bxa5 b6 18. Bb4 dxe4 19. Nd2 d5 20. Rad1 Bb7 21. Nxe4 a5 22. Bc3 d4 23. Nd6 Rxe1+ 24. Rxe1 dxc3 25. Nxb7 Qd7 26. Nd6 Bf8 27. Ne4 Bxa3 28. Nf6+ Kg7 29. Nxd7 cxb2 30. Rb1 Rc8 31. Ne5 Rxc2 32. Nd3 Rd2 33. Ne1 Bc5 0-1

[Event "Maastricht Limburg op-B 5th"]
[Site "Maastricht"]
[Date "2011.06.12"]
[Round "5"]
[White "Bondarchuk, Vadim"]
[Black "Van Trijp, Robin"]
[Result "1-0"]
[WhiteElo "1992"]
[BlackElo "1818"]
[PlyCount "111"]
[EventDate "2011.06.10"]
[EventType "swiss"]
[EventRounds "7"]
[EventCountry "NED"]
[SourceTitle "EXT 2012"]
[Source "ChessBase"]
[SourceDate "2011.11.24"]
[SourceVersion "1"]
[SourceVersionDate "2011.11.24"]
[SourceQuality "1"]

1. e4 e6 2. d4 d5 3. Nc3 Nf6 4. e5 Nfd7 5. f4 c5 6. Nf3 Nc6 7. Be3 Qb6 8. Na4 Qa5+ 9. c3 cxd4 10. b4 Qc7 11. Nxd4 a6 12. Bd3 Nxd4 13. Bxd4 Be7 14. 0-0 b5 15. Nb2 Nb6 16. Bc2 Nc4 17. Nd3 Bd7 18. Nc5 Bxc5 19. Bxc5 a5 20. a3 a4 21. Bd3 0-0-0 22. Qe2 h6 23. Qf2 Rdg8 24. Bxc4 dxc4 25. Bd6 Qb7 26. Rad1 Bc6 27. Rd2 Bd5 28. Qc5+ Qc6 29. Qxc6+ Bxc6 30. Rfd1 Rd8 31. Bc5 Be4 32. Rxd8+ Rxd8 33. Rxd8+ Kxd8 34. Bf8 g6 35. Bxh6 Kd7 36. Kf2 Kc6 37. g4 Bc2 38. Kg3 Kd7 39. Kh4 Ke7 40. Kg5 Bd3 41. Bg7 Bc2 42. h4 Bd3 43. Kh6 Be2 44. Bf6+ Kf8 45. Kg5 Kg8 46. h5 gxh5 47. gxh5 Bd3 48. h6 Be4 49. Bg7 Bc6 50. Kf6 Be4 51. Ke7 Bc6 52. Bf6 Kh7 53. Kxf7 Kxh6 54. Kxe6 Be4 55. Kd6 Bf5 56. Kc6 1-0

[Event "Maastricht Limburg op-B 5th"]
[Site "Maastricht"]
[Date "2011.06.12"]
[Round "4"]
[White "Henrotte, Nils"]
[Black "Bondarchuk, Vadim"]
[Result "1/2-1/2"]
[WhiteElo "1963"]
[BlackElo "1992"]
[PlyCount "70"]
[EventDate "2011.06.10"]
[EventType "swiss"]
[EventRounds "7"]
[EventCountry "NED"]
[SourceTitle "EXT 2012"]
[Source "ChessBase"]
[SourceDate "2011.11.24"]
[SourceVersion "1"]
[SourceVersionDate "2011.11.24"]
[SourceQuality "1"]

1. d4 d5 2. c3 e6 3. Bf4 c5 4. e3 Nc6 5. Nf3 Nf6 6. h3 Be7 7. Be2 0-0 8. Nbd2 c4 9. Qc2 b5 10. g4 Bd6 11. Bxd6 Qxd6 12. g5 Nd7 13. e4 e5 14. dxe5 Ndxe5 15. exd5 Qxd5 16. 0-0-0 Qc5 17. Ne4 Qe7 18. Rhg1 Kh8 19. Nxe5 Qxe5 20. Bg4 Qf4+ 21. Kb1 Ne5 22. Rd4 Nd3 23. Be2 Ne5 24. Bg4 Bxg4 25. hxg4 Nd3 26. Rh1 Qf3 27. Qd1 Qxd1+ 28. Rxd1 Rae8 29. f3 Kg8 30. Rd5 a6 31. Nc5 Nxc5 32. Rxc5 Rd8 33. Rcd5 Rxd5 34. Rxd5 f6 35. a4 fxg5 1/2-1/2

[Event "Maastricht Limburg op-B 5th"]
[Site "Maastricht"]
[Date "2011.06.11"]
[Round "3"]
[White "Bondarchuk, Vadim"]
[Black "Ibrahim, Ashraf"]
[Result "1-0"]
[WhiteElo "1992"]
[BlackElo "1802"]
[PlyCount "115"]
[EventDate "2011.06.10"]
[EventType "swiss"]
[EventRounds "7"]
[EventCountry "NED"]
[SourceTitle "EXT 2012"]
[Source "ChessBase"]
[SourceDate "2011.11.24"]
[SourceVersion "1"]
[SourceVersionDate "2011.11.24"]
[SourceQuality "1"]

1. e4 d5 2. exd5 Qxd5 3. Nc3 Qa5 4. d4 Nf6 5. Bc4 e6 6. Bd2 c6 7. Qe2 Bb4 8. Nf3 Nd5 9. Nxd5 Bxd2+ 10. Nxd2 cxd5 11. Bd3 Nd7 12. 0-0 Nf6 13. Nf3 Qb4 14. c3 Qd6 15. Ne5 Bd7 16. a4 Bc6 17. Rfe1 Nd7 18. f4 Nxe5 19. fxe5 Qe7 20. Qg4 0-0 21. Qh3 h6 22. Re3 f5 23. exf6 Rxf6 24. a5 Qf7 25. Rae1 Bd7 26. Qg3 Rf8 27. Qc7 Bc8 28. Qg3 Bd7 29. h3 Rf2 30. b4 Rf6 31. Qc7 Bc8 32. Qe5 Bd7 33. Rg3 Rc8 34. Qe2 Kh8 35. Bb1 a6 36. Qc2 Kg8 37. Qd2 Kh8 38. Bd3 Rf8 39. Qe3 Qe8 40. Qe2 Qf7 41. Bb1 Bb5 42. Qc2 g6 43. Rxg6 Rf1+ 44. Rxf1 Qxf1+ 45. Kh2 Qf4+ 46. Rg3 Rf5 47. Qd1 Rg5 48. Qf3 Qd6 49. h4 Rg7 50. Kh3 Be2 51. Qe3 Qxg3+ 52. Qxg3 Rxg3+ 53. Kxg3 Kg7 54. Kf4 Kf6 55. Bc2 h5 56. Ba4 Bf1 57. g3 Ke7 58. Bd1 1-0

[Event "Goch op 20th"]
[Site "Goch"]
[Date "2009.10.04"]
[Round "6"]
[White "Bondarchuk, Vadim"]
[Black "Mueller, Markus"]
[Result "0-1"]
[WhiteElo "1947"]
[BlackElo "2160"]
[PlyCount "74"]
[EventDate "2009.10.01"]
[EventType "swiss"]
[EventRounds "7"]
[EventCountry "GER"]
[SourceTitle "EXT 2011"]
[Source "ChessBase"]
[SourceDate "2010.11.26"]
[SourceVersion "1"]
[SourceVersionDate "2010.11.26"]
[SourceQuality "1"]

1. e4 c5 2. Nf3 e6 3. d4 cxd4 4. Nxd4 a6 5. Bd3 Nf6 6. 0-0 Qc7 7. Qe2 d6 8. Kh1 Be7 9. c4 Nbd7 10. f4 b6 11. Nc3 h5 12. Bd2 Bb7 13. Rae1 h4 14. Nf3 Qc5 15. Ng5 Nh5 16. Be3 Qc7 17. Nh3 Nc5 18. Bc2 Bf6 19. Bd2 Bd4 20. b4 Nd7 21. Qd3 Bf6 22. Bb3 Rc8 23. Nd1 Bc6 24. Bc3 b5 25. Nb2 Qb8 26. a3 Be7 27. f5 e5 28. Bd2 Nb6 29. Rc1 Nf6 30. Rfe1 Qb7 31. Ng5 h3 32. g3 Ng4 33. Kg1 bxc4 34. Nxc4 Nxc4 35. Bxc4 Qb6+ 36. Be3 Nxe3 37. Qxe3 Qxe3+ 0-1

[Event "Goch op 20th"]
[Site "Goch"]
[Date "2009.10.03"]
[Round "4"]
[White "Fleuren, Jan"]
[Black "Bondarchuk, Vadim"]
[Result "1-0"]
[WhiteElo "2108"]
[BlackElo "1947"]
[PlyCount "29"]
[EventDate "2009.10.01"]
[EventType "swiss"]
[EventRounds "7"]
[EventCountry "GER"]
[SourceTitle "EXT 2011"]
[Source "ChessBase"]
[SourceDate "2010.11.26"]
[SourceVersion "1"]
[SourceVersionDate "2010.11.26"]
[SourceQuality "1"]

1. e4 e5 2. d4 Nf6 3. dxe5 Nxe4 4. Bc4 Nc5 5. Be3 Ne6 6. Nc3 d6 7. exd6 Bxd6 8. Nb5 Be7 9. Qxd8+ Bxd8 10. Nxa7 Bd7 11. Nb5 0-0 12. Nf3 Bf6 13. c3 Na6 14. 0-0 Nac5 15. Nxc7 1-0

[Event "Goch op 20th"]
[Site "Goch"]
[Date "2009.10.02"]
[Round "3"]
[White "Bondarchuk, Vadim"]
[Black "Liu, Bibek"]
[Result "1-0"]
[WhiteElo "1947"]
[BlackElo "1064"]
[PlyCount "77"]
[EventDate "2009.10.01"]
[EventType "swiss"]
[EventRounds "7"]
[EventCountry "GER"]
[SourceTitle "EXT 2011"]
[Source "ChessBase"]
[SourceDate "2010.11.26"]
[SourceVersion "1"]
[SourceVersionDate "2010.11.26"]
[SourceQuality "1"]

1. e4 c5 2. Nf3 Nc6 3. d4 e6 4. d5 Nb8 5. c4 d6 6. Be2 Nf6 7. Nc3 Be7 8. 0-0 0-0 9. b3 Nfd7 10. Bb2 Bf6 11. Qc2 Ne5 12. Nxe5 Bxe5 13. Nd1 Bxb2 14. Qxb2 Qh4 15. Bd3 Qg5 16. f4 Qh6 17. Nc3 Na6 18. Rae1 Bd7 19. e5 Nb4 20. Bb1 exd5 21. cxd5 Rfe8 22. a3 Na6 23. Rf3 dxe5 24. fxe5 Qb6 25. Kh1 Rac8 26. Ne4 Rb8 27. Rg3 Kh8 28. e6 f6 29. Nxf6 Re7 30. Nxd7 Qd6 31. Nxb8 Nxb8 32. Rf1 Rc7 33. Rh3 h6 34. Rxh6+ Kg8 35. Bh7+ Kh8 36. Bg6+ Kg8 37. Bf7+ Kf8 38. Rh8+ Ke7 39. Re8# 1-0

[Event "Goch op 20th"]
[Site "Goch"]
[Date "2009.10.01"]
[Round "1"]
[White "Bondarchuk, Vadim"]
[Black "Imsrud, Benjamin"]
[Result "1-0"]
[WhiteElo "1947"]
[BlackElo "964"]
[PlyCount "93"]
[EventDate "2009.10.01"]
[EventType "swiss"]
[EventRounds "7"]
[EventCountry "GER"]
[SourceTitle "EXT 2011"]
[Source "ChessBase"]
[SourceDate "2010.11.26"]
[SourceVersion "1"]
[SourceVersionDate "2010.11.26"]
[SourceQuality "1"]

1. e4 c5 2. Nf3 d6 3. d4 cxd4 4. Nxd4 Nf6 5. Nc3 g6 6. f3 Bg7 7. Be3 0-0 8. Qd2 Nc6 9. 0-0-0 Bd7 10. g4 a6 11. h4 b5 12. h5 Ne5 13. hxg6 fxg6 14. Bh6 Nc4 15. Bxc4+ bxc4 16. Bxg7 Kxg7 17. Nd5 Rb8 18. Nxf6 exf6 19. Qh6+ Kf7 20. Qxh7+ Ke8 21. Qxg6+ Rf7 22. Rh8+ Ke7 23. Rxd8 Rxd8 24. Nf5+ Bxf5 25. Qxf5 Rd7 26. g5 fxg5 27. Qxg5+ Ke6 28. Rh1 Rc7 29. Qd5+ Ke7 30. Qxf7+ Kxf7 31. Rh7+ Ke6 32. Rxc7 Ke5 33. Rxc4 Kf4 34. Rd4 Ke5 35. Ra4 Kf4 36. Rxa6 Kxf3 37. Rxd6 Kxe4 38. a4 Ke5 39. Rd1 Ke4 40. a5 Ke5 41. a6 Ke4 42. a7 Ke5 43. a8Q Ke6 44. Qd5+ Kf6 45. Rf1+ Kg6 46. Qg2+ Kh6 47. Rh1# 1-0

[Event "Duesseldorf Nord Cup 9th GrF"]
[Site "Duesseldorf"]
[Date "2009.08.15"]
[Round "3.2"]
[White "Spickermann, Sven"]
[Black "Bondarchuk, Vadim"]
[Result "1/2-1/2"]
[WhiteElo "1808"]
[BlackElo "1947"]
[PlyCount "147"]
[EventDate "2009.08.14"]
[EventType "tourn"]
[EventRounds "5"]
[EventCountry "GER"]
[SourceTitle "EXT 2017"]
[Source "ChessBase"]
[SourceDate "2016.10.25"]
[SourceVersion "1"]
[SourceVersionDate "2016.10.25"]
[SourceQuality "1"]

1. e4 e5 2. Nf3 Nf6 3. Nc3 Bb4 4. Bc4 d6 5. d3 0-0 6. 0-0 c6 7. Bg5 Be6 8. Bb3 Nbd7 9. d4 Bxc3 10. bxc3 Bxb3 11. cxb3 h6 12. dxe5 dxe5 13. Bxf6 Nxf6 14. Qe2 Qe7 15. Rfd1 Rfd8 16. h3 Qc5 17. Rd3 Kf8 18. Rad1 Ke8 19. b4 Qe7 20. Rxd8+ Rxd8 21. Rxd8+ Kxd8 22. Qc4 Kd7 23. a4 Qe6 24. Qd3+ Qd6 25. Nxe5+ Ke6 26. Qxd6+ Kxd6 27. Nc4+ Kd7 28. f3 Nh5 29. Ne5+ Ke6 30. Nd3 b6 31. Kf2 Nf6 32. Ke3 Nd7 33. Kd4 Nf6 34. Nf4+ Ke7 35. e5 Nd7 36. Nd3 Nf8 37. f4 Ng6 38. g3 Nf8 39. f5 g6 40. g4 Nh7 41. fxg6 fxg6 42. Nf4 Nf8 43. c4 g5 44. Nd3 Ng6 45. Ke4 Ke6 46. c5 Ne7 47. cxb6 axb6 48. a5 Nd5 49. axb6 Nxb6 50. Nc5+ Ke7 51. Kf5 Nd5 52. Kg6 Nf4+ 53. Kxh6 Nxh3 54. Ne4 Nf4 55. Kxg5 Nd3 56. Kf5 Nxb4 57. Nc5 Nd5 58. Kg6 Ne3 59. g5 Ng4 60. Kf5 Ne3+ 61. Ke4 Nd5 62. g6 Kf8 63. Kf5 Ne7+ 64. Kg5 Kg7 65. Ne6+ Kg8 66. Nd4 c5 67. Nf5 Nd5 68. e6 c4 69. e7 Nc7 70. Nh6+ Kg7 71. Nf5+ Kg8 72. Kf6 Ne8+ 73. Ke6 c3 74. Nd4 1/2-1/2

[Event "Duesseldorf Nord Cup 9th GrF"]
[Site "Duesseldorf"]
[Date "2009.08.14"]
[Round "1.1"]
[White "Bondarchuk, Vadim"]
[Black "Schott, Detlef"]
[Result "1/2-1/2"]
[WhiteElo "1947"]
[BlackElo "1787"]
[PlyCount "47"]
[EventDate "2009.08.14"]
[EventType "tourn"]
[EventRounds "5"]
[EventCountry "GER"]
[SourceTitle "EXT 2017"]
[Source "ChessBase"]
[SourceDate "2016.10.25"]
[SourceVersion "1"]
[SourceVersionDate "2016.10.25"]
[SourceQuality "1"]

1. e4 e6 2. d4 d5 3. Nc3 Bb4 4. exd5 Qxd5 5. a3 Bxc3+ 6. bxc3 c5 7. Qg4 Ne7 8. Nf3 Qf5 9. Qxg7 Rg8 10. Qe5 Qxc2 11. Bb5+ Bd7 12. Qxc5 Rxg2 13. Be2 Na6 14. Qe5 Qxc3+ 15. Kf1 Rg8 16. Rb1 Bc6 17. Be3 Qxa3 18. Rg1 Rxg1+ 19. Kxg1 Kd7 20. Qf6 Qa2 21. Ne5+ Kd6 22. Nxf7+ Kd7 23. Ne5+ Kd6 24. Nf7+ 1/2-1/2

[Event "Dortmund op-B"]
[Site "Dortmund"]
[Date "2009.07.12"]
[Round "9"]
[White "Bondarchuk, Vadim"]
[Black "Eckert, Marius"]
[Result "1-0"]
[WhiteElo "1947"]
[BlackElo "1773"]
[PlyCount "108"]
[EventDate "2009.07.04"]
[EventType "swiss"]
[EventRounds "9"]
[EventCountry "GER"]
[SourceTitle "EXT 2012"]
[Source "ChessBase"]
[SourceDate "2011.11.24"]
[SourceVersion "1"]
[SourceVersionDate "2011.11.24"]
[SourceQuality "1"]

1. e4 c5 2. Nf3 a6 3. d4 cxd4 4. Nxd4 Nf6 5. Nc3 e5 6. Nf3 Bb4 7. Qd3 Qc7 8. Bd2 d6 9. Nd5 Bxd2+ 10. Qxd2 Nxd5 11. exd5 Bf5 12. Bd3 Bg6 13. Bxg6 hxg6 14. 0-0-0 Nd7 15. Ng5 Rh4 16. Kb1 Nb6 17. Nf3 Rf4 18. Rhe1 0-0-0 19. b3 Kb8 20. Re2 Rc8 21. Qa5 Ka7 22. Ne1 Qd7 23. g3 Rf5 24. c4 Rh5 25. h4 g5 26. hxg5 Qf5+ 27. Ka1 Rh1 28. Qd2 Nd7 29. Qe3+ Ka8 30. Qe4 Qh3 31. Kb2 Nc5 32. Qe3 Qf5 33. Rdd2 Rch8 34. Qf3 Qxg5 35. Qe3 Qg6 36. Nc2 Rf1 37. Re1 Rhh1 38. Rxf1 Rxf1 39. Qe2 Rh1 40. Qe3 Rh2 41. Ne1 Rh1 42. b4 Rxe1 43. Qxe1 Nd3+ 44. Rxd3 Qxd3 45. Qc3 Qe2+ 46. Qc2 Qf3 47. a4 f5 48. Qd2 Qe4 49. Kc3 a5 50. bxa5 Kb8 51. Qb2 Qd4+ 52. Kb3 Qxb2+ 53. Kxb2 g5 54. Kc3 Kc7 1-0